00468pab a2200145 454500008004000000100001600040245010400056260000900160300001400169362001100183650003400194650003400228650002600262773003400288180718b2008 xxu||||| |||| 00| 0 eng d aPal, Suresh aAgricultural R&D policy and institutional reforms: learning from the experiences of India and China c2008 ap.145-55. a28 Jun aAgricultural research - China aAgricultural research - India aAgricultural research aEconomic and Political Weekly